|
|
|
|
| LEADER |
00000naa2a2200000 4500 |
| 001 |
612880 |
| 005 |
20231101132729.0 |
| 035 |
|
|
|a (RuTPU)RU\TPU\conf\11011
|
| 035 |
|
|
|a RU\TPU\conf\11008
|
| 090 |
|
|
|a 612880
|
| 100 |
|
|
|a 20150630d2015 k y0rusy50 ca
|
| 101 |
0 |
|
|a rus
|
| 102 |
|
|
|a RU
|
| 105 |
|
|
|a y z 101zy
|
| 135 |
|
|
|a drcn ---uucaa
|
| 181 |
|
0 |
|a i
|
| 182 |
|
0 |
|a b
|
| 200 |
1 |
|
|a Особенности развития российских венчурных фондов
|f М. Н. Бубин
|
| 203 |
|
|
|a Текст
|c электронный
|
| 225 |
1 |
|
|a Автоматизация и информатизация, экономика и менеджмент на предприятии
|
| 230 |
|
|
|a 1 компьютерный файл (pdf; 275 Кb)
|
| 300 |
|
|
|a Заглавие с титульного экрана
|
| 320 |
|
|
|a [Библиогр.: с. 214 (5 назв.)]
|
| 337 |
|
|
|a Adobe Reader
|
| 463 |
|
0 |
|0 (RuTPU)RU\TPU\conf\10375
|t Инновационные технологии и экономика в машиностроении
|o сборник трудов VI Международной научно-практической конференции, 21-23 мая 2015 г., Юрга
|f Национальный исследовательский Томский политехнический университет (ТПУ), Юргинский технологический институт (ЮТИ) ; под ред. Д. А. Чинахова
|v [С. 210-214]
|d 2015
|
| 610 |
1 |
|
|a труды учёных ТПУ
|
| 610 |
1 |
|
|a электронный ресурс
|
| 610 |
1 |
|
|a венчурные фонды
|
| 610 |
1 |
|
|a Россия
|
| 610 |
1 |
|
|a инвестирование
|
| 610 |
1 |
|
|a капитал
|
| 610 |
1 |
|
|a экономика
|
| 700 |
|
1 |
|a Бубин
|b М. Н.
|c гидрогеолог
|c доцент Юргинского технологического института Томского политехнического университета, кандидат географических наук
|f 1976-
|g Михаил Николаевич
|2 stltpush
|3 (RuTPU)RU\TPU\pers\25119
|
| 801 |
|
2 |
|a RU
|b 63413507
|c 20210205
|g RCR
|
| 856 |
4 |
|
|u http://earchive.tpu.ru/handle/11683/19730
|
| 856 |
4 |
|
|u http://www.lib.tpu.ru/fulltext/c/2015/C30/048.pdf
|
| 942 |
|
|
|c BK
|